Effective unit testing : a guide for Java developers (Record no. 12092)
[ view plain ]
| 000 -LEADER | |
|---|---|
| fixed length control field | 00980cam a22002655i 4500 |
| 001 - CONTROL NUMBER | |
| control field | 17701912 |
| 005 - DATE AND TIME OF LATEST TRANSACTION | |
| control field | 20170105102354.0 |
| 008 - FIXED-LENGTH DATA ELEMENTS--GENERAL INFORMATION | |
| fixed length control field | 130417t20132013nyua 001 0 eng |
| 010 ## - LIBRARY OF CONGRESS CONTROL NUMBER | |
| LC control number | 2012540506 |
| 020 ## - INTERNATIONAL STANDARD BOOK NUMBER | |
| International Standard Book Number | 9781935182573 |
| 020 ## - INTERNATIONAL STANDARD BOOK NUMBER | |
| International Standard Book Number | 1935182579 |
| 040 ## - CATALOGING SOURCE | |
| Original cataloging agency | DLC |
| Transcribing agency | DLC |
| Modifying agency | DLC |
| 042 ## - AUTHENTICATION CODE | |
| Authentication code | pcc |
| 100 1# - MAIN ENTRY--PERSONAL NAME | |
| Personal name | Koskela, Lasse. |
| 245 10 - TITLE STATEMENT | |
| Title | Effective unit testing : a guide for Java developers |
| Remainder of title | a guide for Java developers |
| Statement of responsibility, etc. | Lasse Koskela. |
| 300 ## - PHYSICAL DESCRIPTION | |
| Extent | xxiv, 223 p. : |
| Other physical details | ill. ; |
| Dimensions | 24 cm. |
| 500 ## - GENERAL NOTE | |
| General note | Includes index. |
| 650 #0 - SUBJECT ADDED ENTRY--TOPICAL TERM | |
| Topical term or geographic name entry element | Java (Computer program language) |
| 650 #0 - SUBJECT ADDED ENTRY--TOPICAL TERM | |
| Topical term or geographic name entry element | Computer programs |
| General subdivision | Testing. |
| 856 42 - ELECTRONIC LOCATION AND ACCESS | |
| Materials specified | Contributor biographical information |
| Uniform Resource Identifier | <a href="http://www.loc.gov/catdir/enhancements/fy1311/2012540506-b.html">http://www.loc.gov/catdir/enhancements/fy1311/2012540506-b.html</a> |
| 856 42 - ELECTRONIC LOCATION AND ACCESS | |
| Materials specified | Publisher description |
| Uniform Resource Identifier | <a href="http://www.loc.gov/catdir/enhancements/fy1311/2012540506-d.html">http://www.loc.gov/catdir/enhancements/fy1311/2012540506-d.html</a> |
| 906 ## - LOCAL DATA ELEMENT F, LDF (RLIN) | |
| a | 0 |
| b | ibc |
| c | origres |
| d | 2 |
| e | ncip |
| f | 20 |
| g | y-gencatlg |
| 942 ## - ADDED ENTRY ELEMENTS (KOHA) | |
| Source of classification or shelving scheme | |
| Koha item type | Book |
| Withdrawn status | Lost status | Damaged status | Not for loan | Collection code | Permanent Location | Current Location | Shelving location | Date acquired | Source of acquisition | Cost, normal purchase price | Total Checkouts | Full call number | Barcode | Date last seen | Date last checked out | Price effective from | Koha item type |
|---|---|---|---|---|---|---|---|---|---|---|---|---|---|---|---|---|---|
| Central Library (CL) | Central Library (CL) | First Floor - Software Engineering/ Programming Language | 07/17/2013 | Allied Book Company | 3681.96 | 1 | 005.133 KOS | SEECS012629 | 09/13/2022 | 01/20/2020 | 01/05/2017 | Book |
